The Grosvenor estate strategy for Mayfair and Belgravia (Record no. 87525)

MARC details
000 -LEADER
fixed length control field 00467cam a2200181 4500
001 - CONTROL NUMBER
control field D14726
008 - FIXED-LENGTH DATA ELEMENTS--GENERAL INFORMATION
fixed length control field 090401t1971 xxu||||| |||| 00| 0 eng d
035 ## - SYSTEM CONTROL NUMBER
System control number (Sirsi) u17546
041 ## - LANGUAGE CODE
Language code of text/sound track or separate title eng
050 ## - LIBRARY OF CONGRESS CALL NUMBER
Classification number 711.40942132
110 ## - MAIN ENTRY--CORPORATE NAME
Corporate name or jurisdiction name as entry element Chapman Taylor Partners
9 (RLIN) 5251
245 #4 - TITLE STATEMENT
Title The Grosvenor estate strategy for Mayfair and Belgravia
260 ## - PUBLICATION, DISTRIBUTION, ETC.
Place of publication, distribution, etc. London
Name of publisher, distributor, etc. Grosvenor Estate
Date of publication, distribution, etc. 1971
300 ## - PHYSICAL DESCRIPTION
Extent 210p. ill. 42cm
350 ## - PRICE (NR) (BK AM CF MU VM SE) [OBSOLETE]
Price 0
942 ## - ADDED ENTRY ELEMENTS (KOHA)
Suppress in OPAC 0
948 ## - LOCAL PROCESSING INFORMATION (OCLC); SERIES PART DESIGNATOR (RLIN)
c (OCLC) 04/03/1997
Holdings
Withdrawn status Lost status Source of classification or shelving scheme Damaged status Not for loan Home library Current library Shelving location Date acquired Total Checkouts Full call number Barcode Date last seen Copy number Price effective from Koha item type
    Other/Generic Classification Scheme     London London Basement 15/01/1992   SHELF 322 30032364 06/08/2019 2 06/08/2019 Book